| 000 | 00836 am a22002655a 4500 | ||
|---|---|---|---|
| 001 | ocn903529469 | ||
| 003 | OSt | ||
| 005 | 20201128024005.0 | ||
| 008 | 150210s2015 vraa fr 001 0 eng d | ||
| 020 | _a9781864706345 | ||
| 040 |
_aAU@ _beng _cAU@ _dOCLCO _dOCLCF _dYDXCP _dBDX _dBTCTA _dCLE _dERASA _dOCL _dEG-ScBUE |
||
| 082 | 0 | 4 |
_a006.6 _222 _bWAN |
| 100 | 1 | _aWang, Kai. | |
| 245 | 1 | 0 |
_aInfographic design in media / _cWang Kai. |
| 260 |
_aVictoria : _bImages Press, _c2015. |
||
| 300 |
_a255 p. : _bill. ; _c30 cm. |
||
| 500 | _aIndex : p. [254]-255. | ||
| 650 | 7 |
_aVisual communication. _2BUEsh _937792 |
|
| 650 | 7 |
_aCommunication _xGraphic methods. _2BUEsh |
|
| 650 | 7 |
_aInformation visualization. _2BUEsh _92948 |
|
| 650 | 7 |
_aBusiness presentations. _2BUEsh _93717 |
|
| 651 | _2BUEsh | ||
| 653 |
_bCOMAME _cNovember2016 |
||
| 942 | _2ddc | ||
| 999 |
_c23153 _d23125 |
||